Les plus gros transferts du football - Saison 2013-2014 - Statistiques

Statistiques générales
  • Ce quiz a été pris 184 fois
  • Le résultat moyen est 8 sur 10
Statistiques - réponses
Montant de transfert (M €) Nationalité Venant de Allant à Joueur % Correct
101,00 Pays de Galles Tottenham Real Madrid Gareth Bale
99%
88,00 Brésil Santos Barcelona Neymar
99%
64,50 Uruguay Napoli Paris SG Edinson Cavani
98%
43,00 Colombie Atlético Madrid AS Monaco Radamel Falcao
91%
45,00 Colombie FC Porto AS Monaco James Rodríguez
88%
47,00 Allemagne Real Madrid Arsenal Mesut Özil
85%
39,00 Argentine Real Madrid Napoli Gonzalo Higuain
73%
37,00 Allemagne Borussia Dortmund Bayern Munich Mario Götze
71%
40,00 Brésil Shakhtar D. Manchester City Fernandinho
69%
44,73 Espagne Chelsea Manchester Utd Juan Mata
66%
Aucun quiz correspondant
Distribution des résultats
% des personnes avec chaque résultat
Percentile par nombre de réponses
Votre historique - résultats
Vous n’avez pas pris ce quiz